The Citadel : (Record no. 218019)

000 -LEADER
fixed length control field 01182 a2200193 4500
003 - CONTROL NUMBER IDENTIFIER
control field Nust
005 - DATE AND TIME OF LATEST TRANSACTION
control field 20170207171638.0
040 ## - CATALOGING SOURCE
Transcribing agency Nust
082 ## - DEWEY DECIMAL CLASSIFICATION NUMBER
Classification number 050
100 ## - MAIN ENTRY--PERSONAL NAME
Personal name Command and Staff College (Quetta, Pakistan)
245 ## - TITLE STATEMENT
Title The Citadel :
Remainder of title professional magazine of the Command and Staff College - No. 1/2006
Statement of responsibility, etc. Command and Staff College (Quetta, Pakistan)
260 ## - PUBLICATION, DISTRIBUTION, ETC.
Place of publication, distribution, etc. Quetta,Pakistan
Name of publisher, distributor, etc. Comdt and Staff Press Quetta
Date of publication, distribution, etc. 2006
300 ## - PHYSICAL DESCRIPTION
Extent 80p.:
490 ## - SERIES STATEMENT
Series statement Vol. XXIV
505 ## - FORMATTED CONTENTS NOTE
Formatted contents note Letter (Page-4) A Vision for Pakistan Army by Col Muhammad Tariq Aslam (Page-14) Air Assault Operations in Low Intensity Conflict Lt Col Najeeb Ahmad (Page-22) Need of Re- Writing Definition in Pakistan Army Capt Farhan Shahid Khan (page-28) South Asian Instability – Role Pakistan Can Play Col Wajahat Nazir (Page-36) The Impact of Independent Power Product (IPPPs) on Pakistan’s Economy by Col Akhtar Jamil Rao (Page-48) Directed Energy Weapons the Next Military Technical Revolution in the Conduct of Military Operation by Lt Col Anjum Saeed Khan
538 ## - SYSTEM DETAILS NOTE
System details note Almirah No.137 Shelf No.6
650 ## - SUBJECT ADDED ENTRY--TOPICAL TERM
Topical term or geographic name entry element Pakistan. -- Army -- Periodicals
651 ## - SUBJECT ADDED ENTRY--GEOGRAPHIC NAME
Geographic name Pakistan -- Military policy -- Periodicals.
942 ## - ADDED ENTRY ELEMENTS (KOHA)
Koha item type
Holdings
Withdrawn status Lost status Source of classification or shelving scheme Damaged status Not for loan Collection code Permanent Location Current Location Date acquired Total Checkouts Full call number Barcode Date last seen Price effective from Koha item type
            Military College of Signals (MCS) Military College of Signals (MCS) 12/12/2016   050 COM MCSP-95/13 12/08/2016 12/12/2016 Book
© 2023 Central Library, National University of Sciences and Technology. All Rights Reserved.